| 000 | 00579nam a2200217Ia 4500 | ||
|---|---|---|---|
| 001 | 70855 | ||
| 008 | 160226s9999 xx 000 0 und d | ||
| 020 | _a9781439816806 | ||
| 040 | _cPK-LaUMT | ||
| 082 |
_a 519.535 _bAFI-P |
||
| 100 | _aAfifi, Abdelmonem | ||
| 245 |
_aPractical multivariate analysis _cAfifi, Abdelmonem|May, Susanne|Clark, Virginia A. |
||
| 250 | _a5th | ||
| 260 |
_aBoca Raton,USA: _bCRC Press, _c2012 |
||
| 300 | _a517 p. | ||
| 546 | _aEN | ||
| 650 | _aMultivariate analysis | ||
| 700 | _aClark, Virginia A. | ||
| 700 | _aMay, Susanne | ||
| 942 | _cBK | ||
| 999 |
_c83295 _d83295 |
||